Statistics for Guess the Countries of the World by Random Cities

Click here to take the quiz!

General Stats

  • This quiz has been taken 39 times
    (10 since last reset)
  • The average score is 124 of 199

Answer Stats

HintAnswer% Correct
Antwerpen, Charleroi, GhentBelgium
100%
Manaus, Fortaleza, BrasiliaBrazil
100%
Malaga, Bilbao, IbizaSpain
100%
Alice Springs, Adelaide, CairnsAustralia
89%
Salzburg, Innsbruck, Zell am SeeAustria
89%
Cotonou, Parakou, NikkaBenin
89%
Montreal, Vancouver, MonctonCanada
89%
Kunming, Shandong, GuangzhouChina
89%
Magdeburg, Hamburg, AugsburgGermany
89%
Beersheva, Haifa, Tel Aviv YafoIsrael
89%
Tijuana, Campeche, GuadalajaraMexico
89%
Longyearbyen, Bergen, TrondheimNorway
89%
Malmo, Gothenburg, UppsalaSweden
89%
Londonderry, Liverpool, BirminghamUnited Kingdom
89%
Houston, San Diego, AtlantaUnited States of America
89%
Mendoza, Rosario, UshuaiaArgentina
78%
Kapan, Stepanavan, CharentsavanArmenia
78%
Orange Walk, Belize City, San PedroBelize
78%
Cochabamba, Potosi, SucreBolivia
78%
Phnom Penh, Krong Siem Reap, Preah SihanoukCambodia
78%
Antofagasta, Hanga Roa, Punta ArenasChile
78%
San Andres, Cali, MedellinColombia
78%
Mutsamudu, Moroni, MitsamiouliComoros
78%
Punta Cana, La Romana, SamanaDominican Republic
78%
Antigua Guatemala, Quetzaltenango, HuehuetenangoGuatemala
78%
Makassar, Banda Aceh, SurabayaIndonesia
78%
Tabriz, Mashhad, IsfahanIran
78%
Montego Bay, Ocho Rios, NegrilJamaica
78%
Aqtobe, Almaty, ShymkentKazakhstan
78%
Tripoli, Sidon, BaalkbekLebanon
78%
Esch-sur-Alzette, Ettelbruck, Mondorf-les-BainsLuxembourg
78%
Toliara, Antananarivo, AmbatondrazakaMadagascar
78%
Nouadhibou, Rosso, AdarMauritania
78%
Auckland, Tauranga, QueenstownNew Zealand
78%
Karachi, Lahore, PeshawarPakistan
78%
Loma Plata, Mariscal Estigarribia, EncarnacionParaguay
78%
Cusco, Iquitos, TrujilloPeru
78%
Davao, Cebu City, Puerto PrincesaPhilippines
78%
Vladivostok, Novosibirsk, KrasnodarRussia
78%
Apia, Sato'alepai, Satapuala
Samoa
78%
Medina, Jeddah, MeccaSaudi Arabia
78%
Singapore City, Changi, WoodlandsSingapore
78%
Novo Mesto, Maribor, Murska SobotaSlovenia
78%
Durban, Johannesburg, East LondonSouth Africa
78%
Lausanne, Geneva, St GallenSwitzerland
78%
Phuket, Chiang Mai, Khon KaenThailand
78%
Guayana City, Barquisimeto, Ciudad BolivarVenezuela
78%
Nha Trang, Lao Cai, Can ThoVietnam
78%
Herat, Kandahar, Qala-e MafushadAfghanistan
67%
Durres, Gjirokaster, SarandeAlbania
67%
Oran, Djanet, TamanrassetAlgeria
67%
Chattogram, Cox's Bazar, KhulnaBangladesh
67%
Mogilev, Pinsk, GomelBelarus
67%
Thimphu, Trashigang, Wangdue PhodrangBhutan
67%
Bander Seri Begawan, Lambak Kanan, Kuala BelaitBrunei
67%
Bobo-Dioulasso, Fada-Ngourma, KoudougouBurkina Faso
67%
Maroua, Douala, BueaCameroon
67%
Santa Clara, Nueva Gerona, GuantanamoCuba
67%
Olomouc, Ostrava, Karlovy VaryCzechia
67%
Kisangani, Mbuji-Mayi, Mbanza-NgunguDemocratic Republic of the Congo
67%
Aarhus, Aalborg, OdenseDenmark
67%
Puerto Ayora, Guayaquil, LojaEcuador
67%
Luxor, Aswan, Port SaidEgypt
67%
Santa Ana, San Miguel, AcajultaEl Salvador
67%
Parnu, Tartu, NarvaEstonia
67%
Turku, Mariehamn, OuluFinland
67%
Kalamata, Heraklion, RhodesGreece
67%
Anna Regina, Corriverton, AlbionGuyana
67%
Les Cayes, Cap-Haitien, Port-de-PaixHaiti
67%
Kirkjubæjarklaustur, Vik, PatreksfjörðurIceland
67%
Chennai, Hyderabad, BengaluruIndia
67%
Najaf, Kirkuk, ErbilIraq
67%
Cork, Kilkenny, GalwayIreland
67%
Aosta, Bari, PalermoItaly
67%
Fukuoka, Kyoto, NahaJapan
67%
Aqaba, Wadi Musa, KerakJordan
67%
Al Khiran, Kuwait City, AbdailKuwait
67%
Vientiane, Luang Prabang, SavannakhetLaos
67%
Thaba-Tseka, Maseru, Qachas NekLesotho
67%
Wood Camp, Big Town, Owen's GnoveLiberia
67%
Tobruk, Ghat, BenghaziLibya,
67%
Timbutku, Djenne, SikassoMali
67%
Majuro, Delap-Uliga-Djarrit, Namu Atoll NorthMarshall Islands
67%
La Condamine, Monaco, LarvottoMonaco
67%
Choibalsan, Erdenet, MoronMongolia
67%
Budva, Niksic, Herceg NoviMontenegro
67%
Tangier, Fes, OujdaMorocco
67%
Butwal, Lalitpur, BiratnagarNepal
67%
Rotterdam, Groningen, EindhovenNetherlands
67%
Port Harcourt, Lagos, KanoNigeria
67%
Hamhung, Nampo, WonsanNorth Korea
67%
Lublin, Gdansk, WroclawPoland
67%
Ponta Delgada, Braga, PortoPortugal
67%
Dogana, Cailungo, Poggio ChiesanuovaSan Marino
67%
Thies, Saly, ZiguinchorSenegal
67%
Nis, Novi Sad, SuboticaSerbia
67%
La Digue, La Fourche, MachabeeSeychelles
67%
Kosice, Presov, ZilinaSlovakia
67%
Hargeysa, Burco, XaafuunSomalia
67%
Busan, Incheon, JejuSouth Korea
67%
Sri Jawardenepura Kotte, Colombo, KandySri Lanka
67%
Port Sudan, Wadi Halfa, OmdurmanSudan
67%
Deir ez-Zur, Al Hasakah, HomsSyria
67%
Kaohsiung City, Tainan City, Keelung CityTaiwan
67%
Qurgonteppa, Kulob, MurghabTajikistan
67%
Dodoma, Dar es Salaam, ZanzibarTanzania
67%
Sousse, Houmt Souk, El KefTunisia
67%
Batman, Izmir, AntalyaTurkey
67%
Mary, Turkmenabashi, TurkmenabatTurkmenistan
67%
Odessa, Dnipropetrovsk, BuchaUkraine
67%
Al Ain, Sharjah, DubaiUnited Arab Emirates
67%
Tacuarembo, Punta del Diablo, Trienta y TresUruguay
67%
Vatican, Giardini Vaticani, Basicila di San PietroVatican City
67%
Hadiboh, Aden, MaribYemen
67%
Livingstone, Chipata, NdolaZambia
67%
El Pas de la Casa, Xixerella, EncampAndorra
56%
Nakhcivan, Quba, KhankendiAzerbaijan
56%
Mars Bay Settlement, Cockburn Town, Moxey TownBahamas
56%
Manama, Al Sayh, AskarBahrain
56%
Banja Luka, Zenica, MostarBosnia and Herzegovina
56%
Pazardzhik, Blagoevgrad, BurgasBulgaria
56%
Bujumbara, Gitega, RumongeBurundi
56%
Lac Yoa, Faya-Largeau, AbecheChad
56%
Pointe-Noire, Impfondo, OuessoCongo
56%
Tamarindo, Liberia, JacoCosta Rica
56%
Dubrovnik, Slavonski Brod, ZadarCroatia
56%
Mbabane, Lobamba, KazombodzeEswatini
56%
Dire Dawa, Kebri Dehar, Bahir DarEthiopia
56%
Pau, Lille, ColombsFrance
56%
Serrekunda, Gunjur, Madina UmfallyGambia
56%
Cape Coast, Tamale, KumasiGhana
56%
Coxen Hole, La Ceiba, El ProgresoHonduras
56%
Tsing Yi Village, Kowloon City, Ma On ShanHong Kong
56%
Debrecen, Eger, SzékesfehérvárHungary
56%
Garissa, Eldoret, MombasaKenya
56%
Vaduz, Malbun, SchaanLiechtenstein
56%
Kaunas, Klaipeda, PanevzysLithuania
56%
Ipoh, Kuala Terengganu, Kota KinabaluMalaysia
56%
Male, Thinadhoo, KudahuvadhooMaldives
56%
Port Louis, Quatre Bornes, Trou d'Eau DouceMauritius
56%
Yap, Chuuk, RoroMicronesia
56%
Balti, Tiraspol, UngheniMoldova
56%
Yangon, Mandalay, NaypyidawMyanmar
56%
Swakopmund, Walvis Bay, KeetmanshoopNamibia
56%
Yaren, Anibare, ArenibekNauru
56%
Zinder, Agadez, AssamakkaNiger
56%
Salalah, Khasab, NizwaOman
56%
Rafah, Gaza City, HebronPalestine
56%
Lae, Popondetta, FinschhafenPapua New Guinea
56%
Ad-Dahirah, Abu Samra, Al WakrahQatar
56%
Cluj-Napoca, Constanta, IasiRomania
56%
Ruhengeri, Colline Gafuba, Colline GitambiRwanda
56%
Bo, Kabala, WaterlooSierra Leone
56%
Honiara, Seve, HaliupaiSolomon Islands
56%
Wau, Rumbak, MalakalSouth Sudan
56%
Dili, Pante Macassar, BaucauTimor Leste
56%
Nuku'alofa, Neiafu, FakakakaiTonga
56%
Scarborough, Arima, San FernandoTrinidad and Tobago
56%
Vaitupu, Tonga, HaumaefaTuvalu
56%
Huambo, Cabinda, BenguelaAngola
44%
Speightstown, Fitts Village, HoletownBarbados
44%
Francistown, Kasane, ShoshongBotswana
44%
Bimbo, Bria, BerberatiCentral African Republic
44%
Portsmouth, Penville, BatakaDominica
44%
Suva, Labasa, NadiFiji
44%
Port-Gentil, Tchibanga, MoandaGabon
44%
Batumi, Kutaisi, SokhumiGeorgia
44%
Kankan, Boke, LabeGuinea
44%
Bafata, Nova Lamego, FarimGuinea Bissau
44%
Mitrovica, Ferizaj, Suva RekaKosovo
44%
Osh, Cholpon Ata, KarakolKyrgyzstan
44%
Daugavpils, Liepaja, VentspilsLatvia
44%
Macau, Cotai, Coloane VillageMacau
44%
Tetovo, Bitola, KavadarciMacedonia
44%
Mzuzu, Blantyre, KasunguMalawi
44%
Victoria, St Paul's Bay, MarsaxlokkMalta
44%
Bluefields, Esteli, Puerto CabezasNicaragua
44%
David, Colon, La ChorreraPanama
44%
Zanderij, Meerzorg, TamanredjoSuriname
44%
Karakalpakstan, Fergana, SamarkandUzbekistan
44%
Port Vila, Port Vato, LuganvilleVanuatu
44%
Bulawayo, Victoria Falls, ChinhoyiZimbabwe
44%
Mindelo, Baia das Gatas, EspargosCabo Verde
33%
Dikhil, Yoboki, ObockDjibouti
33%
Luba, Ciudad de la Paz, NiefangEquatorial Guinea
33%
Keren, Assab, Nak'faEritrea
33%
Argyle, The Lime, GrenvilleGrenada
33%
Xai-Xai, Ponta de Ouru, InhambaneMozambique
33%
Angaur, Koror, NgriilPalau
33%
Diogo Vaz, Bela Vista, MicondoSao Tome and Principe
33%
Sandy Point Town, New Castle, Frigate BaySt Kitts and Nevis
33%
Vieux Fort, Gros Islet, Mon ReposSt Lucia
33%
Mango, Sokode, BassarTogo
33%
Arua, Fort Portal, MbararaUganda
33%
San-Pedro, Korhogo, Man,Ivory Coast
22%
Port Elizabeth, Fancy, CliftonSt Vincent and the Grenadines
22%
Dakhla, Smara, LaayouneWestern Sahara
22%
Codrington, Jolly Harbour, Potters VillageAntigua and Barbuda
11%
Limassol, Gazimagusa, Ayia NapaCuprus
11%

Score Distribution

Percentile by Number Answered

Percent of People with Each Score

Your Score History

You have not taken this quiz since the last reset